000 00328nam a2200133Ia 4500
005 20251222155143.0
008 251222s9999||||xx |||||||||||||| ||spa||
082 _aEBA. 18
100 _aSANA, J. JUDGE R.
245 0 _aMetodos para el Examen Fisico en Práctica Enf.
250 _a1ra. ed.
264 _bOPS/OMS
942 _cLIB
999 _c39250
_d39250